| 000 | 00816nam a2200265 a 4500 | ||
|---|---|---|---|
| 999 |
_c1279 _d1279 |
||
| 008 | 191216t2006 xxua|||g |||| 001 0 eng d | ||
| 020 |
_a9780471652694 _c$ 210.95 |
||
| 040 |
_aKO _beng |
||
| 041 | 0 | _aeng | |
| 044 | _axxu | ||
| 082 | 0 | 4 |
_223 _a657.95 _bR117 |
| 100 | 1 | _aRadebaugh, Lee H. | |
| 245 | 1 | 0 |
_aInternational Accounting and Multinational Enterprises / _cLee H. Radebaugh, Sidney J. Gray and Ervin L. Black |
| 250 | _a6th ed. | ||
| 260 |
_aNew Jersey : _bJohn Wiley & Sons Inc. , _c2006. |
||
| 300 |
_axiv, 506 p. : _bill. ; _c25 cm |
||
| 504 | _aIncludes Index. | ||
| 650 | 0 |
_aInternational business enterprises _xAccounting _vTextbooks |
|
| 650 | 0 | _aComparative accounting | |
| 700 |
_aGray, Sidney J. _eaut |
||
| 700 |
_aBlack, Ervin L. _eaut |
||
| 904 | _aA_BOSE | ||
| 942 | _cBK | ||